| 000 | 00849nmm a2200277 a 4500 | ||
|---|---|---|---|
| 001 | ocm000552574 | ||
| 003 | TR-IsHL | ||
| 005 | 20201028115926.0 | ||
| 008 | 130625s2007 tu tur | ||
| 007 | cr cn | ||
| 020 | _a9789754540642 | ||
| 035 |
_a552574 _b(N$T) |
||
| 050 | 0 | 4 |
_aPL248.A36 _bG87 2007 |
| 090 | 0 | 4 |
_aPL248.A36 _bG87 2007 |
| 100 | 1 | _aAhmed Haşim | |
| 245 | 1 | 0 |
_aGurebahane-i Laklakan _h[electronic resource] / _cAhmed Haşim |
| 250 | _a1. bs. | ||
| 260 |
_aİstanbul : _bÇağrı Yayınları, _c2007 |
||
| 300 | _a205 p. | ||
| 650 | 4 | _aDil ve Edebiyat | |
| 650 | 4 | _aLanguage and Literature | |
| 650 | 0 | _aTürk denemeleri | |
| 650 | 0 | _aTurkish essays | |
| 650 | 7 |
_aLITERARY COLLECTIONS / Middle Eastern _2bisacsh |
|
| 856 | 4 | 0 | _uhttp://search.ebscohost.com/login.aspx?direct=true&scope=site&db=e011xww&AN=552574 |
| 999 |
_c515 _d515 |
||